000 01001njm a22002417a 4500
005 20100903115145.0
006 a|||||r|||||00| 0
007 sd ammalaaahaa
008 100830t xxu||||| |||| 00| 0 eng d
028 _aGE.3507
_bColumbia
035 _aGR-356
040 _aSED
_cSED
100 _aPaluskar, D. V.
_917814
245 _aJav Jankinath- Bhajan /
_cby D. V. Paluskar
_h[soung recording] :
246 _aजव जानकीनाथ- भजन / द्वारा डी. वी. पलुस्कर
260 _aDum Dum, India
_bColumbia
300 _a1 sound disc [Gramophone Recording] :
_banalog, 33 1/3 rpm
_c9.5 in (MP)
_fGramophone Record
500 _aBrief record
505 _aSide-2 रघुपति राघव राजाराम- भजन (Raghupati Raghav Rajaram- Bhajan) (D. V. Paluskar)
650 _bClassical music
_xExcerpts.
_zIndia
_917460
942 _2ddc
_cGR
999 _c43520
_d43520